[Event "62. Russische Meisterschaft"]
[Site "Moskau"]
[Date "2009.12.28"]
[Round "8"]
[White "Grischuk, Alexander"]
[Black "Jakovenko, Dmitrij"]
[Result "1-0"]
[WhiteElo "2736"]
[BlackElo "2736"]
[PlyCount "87"]
[EventDate "2009.12.20"]
[EventType "tourn"]
[EventRounds "9"]
[EventCountry "RUS"]
[EventCategory "18"]
[Source "Mark Crowther"]
[SourceDate "2009.01.05"]

{C67: Spanische Partie (Rio-de-Janeiro-Variante)} 1. e4 e5 2. Nf3 Nc6 3. Bb5
Nf6 4. O-O Nxe4 5. d4 Nd6 6. Bxc6 dxc6 7. dxe5 Nf5 8. Qxd8+ Kxd8 9. Nc3 h6 10.
h3 Bd7 11. b3 Kc8 12. Bb2 b6 13. Rfd1 Ne7 14. Rd2 c5 15. Rad1 Be6 16. Ne2 Ng6
17. h4 Bg4 18. Nh2 Bxe2 19. Rxe2 Nxh4 20. Ng4 $146 (20. Re4 Be7 21. g3 Ng6 22.
e6 f5 23. Re3 Bf6 24. Bxf6 gxf6 25. Rf3 Rd8 26. Rxd8+ Kxd8 27. Rxf5 Ke7 28. Ng4
Rf8 29. Rh5 Kxe6 30. Rxh6 Ne7 31. Ne3 a5 32. a4 Nd5 33. Nxd5 Kxd5 34. Rh4 c6 {
Adams,M (2729)-Georgiev,K (2649)/Kemer 2007/1-0}) 20... h5 21. Ne3 Ng6 22. Red2
c4 23. Rd7 cxb3 24. cxb3 Bc5 25. Rxf7 Bxe3 26. fxe3 Nf8 (26... Kb7 27. Rdd7
Rac8 28. Rxg7 $18) 27. Rc1 (27. Rxg7 $143 Kb7 $16) 27... Ne6 28. Re7 Nc5 29. b4
Kd8 30. Rxg7 Ne6 31. Rd1+ Ke8 32. Rg6 Ke7 33. b5 Rad8 34. Ba3+ Kf7 35. Rf6+ Kg7
36. Rxd8 Nxd8 37. Be7 (37. Kf2 $5 Re8 38. Bb2 Re6 $18) 37... Re8 38. Bxd8 Rxd8
39. Rc6 Rd7 40. a4 Kf8 41. Kf2 Rf7+ $4 (41... Ke8 $142 $18) 42. Rf6 Rxf6+ 43.
exf6 Kf7 44. Kg3 (44. Kg3 Kxf6 45. Kh4 $18) 1-0

[Event "Weihnachtsopen M"]
[Site "Zürich"]
[Date "2009.12.26"]
[Round "1"]
[White "Moor, Olivier"]
[Black "Georgiadis, Nico"]
[Result "0-1"]
[WhiteElo "2421"]
[BlackElo "2206"]
[Annotator "Gmür,Albi"]
[PlyCount "74"]
[EventDate "2009.12.26"]
[Source "Mark Crowther"]
[SourceDate "2009.01.05"]

{A57: Wolga/Benkö-Gambit} 1. d4 Nf6 2. c4 c5 3. d5 b5 4. Nf3 g6 5. Qc2 Na6 6.
a3 bxc4 7. e4 Bg7 8. Bxc4 O-O 9. O-O d6 10. Nc3 Nc7 11. h3 Nd7 $146 (11... e6
12. Be3 exd5 13. exd5 Rb8 14. Rad1 Re8 15. Bc1 Bd7 16. Qd3 Bf5 17. Qd2 h6 18.
Rfe1 Ne4 19. Nxe4 Bxe4 20. Re3 Bxf3 21. Rxf3 Re4 22. b3 Qe7 23. Rf4 Re8 24.
Rxe4 Qxe4 25. Qf4 Qc2 26. Rf1 {Prakken,G (2272)-Adrian,C (2318)/Nancy 2004/1/
2-1/2}) 12. Bf4 Nb6 13. Be2 f5 14. e5 h6 15. Rad1 Bb7 16. Bh2 Kh7 (16... Nbxd5
$2 17. Bc4 dxe5 18. Qb3 $18) 17. exd6 (17. Rd2 $5 Ncxd5 18. Nxd5 Bxd5 19. exd6
exd6 20. Qd1 $11) 17... exd6 $15 18. Nd2 Bxc3 19. bxc3 Bxd5 20. c4 Bc6 21. Bf3
Qd7 22. Qd3 Rad8 23. h4 (23. Bxc6 Qxc6 24. Rfe1 Rd7 $11) 23... Ne6 24. Bxc6
Qxc6 25. Rfe1 d5 26. h5 g5 27. Qf3 (27. cxd5 $5 Rxd5 28. Qb1 $15) 27... g4 28.
Qe2 Rde8 (28... Rfe8 $142 $5 29. Qf1 Ng7 $17) 29. cxd5 $11 Nxd5 30. Qc4 Nb6 31.
Qa6 Qa4 32. Qb7+ $4 (32. Qxa4 $142 Nxa4 33. Nc4 $11) 32... Kg8 $19 33. Rb1 (33.
Ne4 fxe4 34. Qxe4 Qxe4 35. Rxe4 $19) 33... Rf7 34. Rxb6 Rxb7 35. Rxb7 Qd4 36.
Nb3 (36. Nf1 f4 37. Rbb1 g3 38. Bxg3 fxg3 39. Nxg3 Ng7 $19) 36... Qd5 37. Na5 (
37. Rb5 f4 38. Nxc5 Qxh5 $19 (38... Nxc5 $6 39. Rxe8+ Kf7 40. Re1 $17)) 37...
Qd2 (37... Qd2 38. Rbb1 Qxa5 $19) 0-1

[Event "Chess Classic"]
[Site "London"]
[Date "2009.12.08"]
[Round "1"]
[White "Carlsen, Magnus"]
[Black "Kramnik, Vladimir"]
[Result "1-0"]
[WhiteElo "2801"]
[BlackElo "2772"]
[PlyCount "85"]
[EventDate "2009.12.08"]
[EventType "tourn"]
[EventRounds "7"]
[EventCountry "ENG"]
[EventCategory "18"]
[Source "Mark Crowther"]
[SourceDate "2009.01.05"]

{A29: Englische Eröffnung (Vierspringer-Variante)} 1. c4 Nf6 2. Nc3 e5 3. Nf3
Nc6 4. g3 d5 5. cxd5 Nxd5 6. Bg2 Nb6 7. O-O Be7 8. a3 O-O 9. b4 Be6 10. Rb1 f6
11. d3 a5 12. b5 Nd4 13. Nd2 Qc8 14. e3 Nf5 15. Qc2 Rd8 16. Bb2 a4 17. Rfc1 Nd6
18. Nde4 Ne8 19. Qe2 $146 (19. Ne2 Bb3 20. Qc3 Qd7 21. d4 Qxb5 22. Bf1 Bc4 23.
Ba1 Bb3 24. Nd2 Bxa3 25. Nxb3 axb3 26. Rxb3 Qa5 27. Rcb1 exd4 28. Nxd4 Qxc3 29.
Bxc3 Kf7 30. Bh3 Rdb8 31. Be6+ Kg6 32. Nf5 Nd6 33. Nxd6 Bxd6 {Cvitan,O (2540)
-Milman,L (2484)/Pula 2007/1/2-1/2}) 19... Bf8 20. f4 exf4 21. gxf4 Qd7 22. d4
c6 23. Nc5 Bxc5 24. dxc5 Nc4 25. Rd1 Qc7 26. Bc1 Na5 27. bxc6 (27. Nxa4 $143
Bc4 28. Rxd8 Rxd8 $15 (28... Bxe2 29. Rxa8 Bxb5 30. Nb6 $18)) 27... bxc6 28.
Nxa4 Rxd1+ 29. Qxd1 Rd8 30. Qc2 Qf7 31. Nc3 Qh5 32. Ne2 Bf5 (32... Kf8 $5 33.
Bf1 Qg4+ 34. Ng3 Qd1 $11) 33. e4 $16 Bg4 (33... Bh3 $5 $16) 34. Ng3 $18 Qf7 35.
Bf1 Be6 36. Qc3 Ra8 37. Rb4 Qd7 38. f5 Bf7 39. Bf4 Qd1 40. Kf2 Nb3 $4 (40...
Qd7 $18) 41. Be2 Qb1 (41... Qd7 42. Rxb3 Bxb3 43. Qxb3+ Kh8 $18) 42. Bc4 Rxa3 (
42... Qa2+ 43. Ne2 Qxa3 44. Bxf7+ Kxf7 45. Rxb3 $18) 43. Ne2 (43. Ne2 Qh1 44.
Bxf7+ Kxf7 45. Qd3 Nxc5 46. Qxa3 Nxe4+ 47. Ke3 $18) 1-0

[Event "World Cup"]
[Site "Khanty-Mansiysk"]
[Date "2009.12.06"]
[Round "6.2"]
[White "Gelfand, Boris"]
[Black "Karjakin, Sergey"]
[Result "1-0"]
[WhiteElo "2758"]
[BlackElo "2723"]
[PlyCount "67"]
[EventDate "2009.11.21"]
[EventType "k.o."]
[EventRounds "7"]
[EventCountry "RUS"]
[Source "Mark Crowther"]
[SourceDate "2009.01.05"]

{D46: Damengambit (Halbslawisch)} 1. d4 Nf6 2. c4 e6 3. Nf3 d5 4. Nc3 c6 5. e3
Nbd7 6. Qc2 Bd6 7. Bd3 O-O 8. O-O dxc4 9. Bxc4 b5 10. Be2 Bb7 11. Rd1 Qc7 12.
Bd2 e5 13. Rac1 a6 14. b4 Rfe8 15. Bd3 (15. h3 h6 16. a3 exd4 17. exd4 Nb6 18.
Re1 Nbd5 19. Nxd5 Nxd5 20. Bd3 a5 21. Bh7+ Kh8 22. Be4 Nb6 23. bxa5 Nc4 24. Bb4
Nxa3 25. Bxd6 Qxd6 26. Qb3 Re7 27. Bd3 Nc4 28. Rxe7 Qxe7 29. Re1 Qc7 {
Beliavsky,A (2668)-Pavasovic,D (2596)/Terme Zrece 2003/1-0}) 15... Bxb4 16. Ng5
h6 $146 (16... Nf8 17. Nxb5 axb5 18. Bxb4 exd4 19. exd4 Qf4 20. Nf3 Ne6 21. Bd2
Qd6 22. Qb1 Qd5 23. Qb3 Ra4 24. Be3 Rea8 25. Qxd5 Nxd5 26. Bb1 Nb4 27. Ne5 Nc7
28. Nd3 Nxa2 29. Bxa2 Rxa2 30. Nb4 R2a4 31. Rb1 {Soltau,A (2618)-Van Kempen,H 
(2554)/ICCF COR 2004/1/2-1/2}) (16... Nf8 $142 $5 17. Nxb5 axb5 18. Bxb4 exd4
19. exd4 Qf4 $11) 17. Nxb5 axb5 18. Bh7+ Kf8 19. Bxb4+ c5 20. dxc5 Bc6 21. Be4
Nb8 (21... hxg5 $2 22. Bxc6 Qxc6 23. Rd6 $18) 22. Nh7+ Nxh7 23. Bxh7 g6 $2 (
23... Ra4 $142 24. a3 Na6 $18) 24. Rd6 Re7 25. h4 (25. f4 $142 Ra4 26. a3 $18)
25... h5 (25... Na6 26. a3 Nxb4 27. axb4 h5 28. Bxg6 fxg6 29. Qxg6 Be8 30. Qf6+
Kg8 $18) 26. Bxg6 $1 fxg6 (26... Nd7 27. Rxc6 $1 Qxc6 28. Be4 Rxa2 29. Bxc6
Rxc2 30. Rxc2 $18) 27. Qxg6 Rxa2 (27... Rg7 28. Qf6+ Kg8 29. Rd8+ Qxd8 30.
Qxd8+ Kh7 31. Qd3+ Kh8 $18) 28. Rcd1 Rf7 29. Qh6+ Rg7 30. Qf6+ (30. Rg6 Rd2 31.
Qh8+ Ke7 32. Rxg7+ Ke6 33. Rg6+ Kd7 34. Rxd2+ Bd5 35. Rxd5+ Qd6 36. Rdxd6+ Kc7
37. Rg7+ Nd7 38. Rgxd7#) 30... Kg8 31. Rd8+ Kh7 32. Qf5+ Rg6 33. Qxh5+ Rh6 34.
Qf5+ (34. Qf5+ Rg6 35. h5 Qg7 36. hxg6+ Qxg6 37. Qh3+ Qh6 38. Rh8+ Kxh8 39.
Qxh6+ Kg8 40. Rd8+ Kf7 41. Rf8+ Ke7 42. Qd6#) 1-0

[Event "World Cup"]
[Site "Khanty-Mansiysk"]
[Date "2009.11.28"]
[Round "3.2"]
[White "Polgar, Judith"]
[Black "Gelfand, Boris"]
[Result "1-0"]
[WhiteElo "2680"]
[BlackElo "2758"]
[PlyCount "63"]
[EventDate "2009.11.21"]
[EventType "k.o."]
[EventRounds "7"]
[EventCountry "RUS"]
[Source "Mark Crowther"]
[SourceDate "2009.01.05"]

{C24: Läuferspiel} 1. e4 e5 2. Bc4 Nf6 3. d3 c6 4. Qe2 Be7 5. Nf3 O-O 6. Bb3 d6
7. O-O Nbd7 (7... Bg4 8. h3 Bxf3 9. Qxf3 Nbd7 10. Be3 Nc5 11. Nc3 Ne6 12. Rad1
h6 13. Qg3 Nh5 14. Qg4 Nf6 15. Qg3 Nh5 16. Qg4 Nf6 17. Qg3 Nh5 {(2558)/HeiBei
2001/  Wang Rui (2526)-Bu Xiangzhi  1/2-1/2}) 8. c3 a5 $146 (8... Re8 9. Be3
Nf8 10. Nbd2 Ng6 11. d4 h6 12. dxe5 dxe5 13. h3 Bf8 14. Ne1 Be6 15. Nd3 Qc7 16.
Bxe6 Rxe6 17. a4 Rd8 18. Rfd1 c5 19. f3 c4 20. Nb4 a5 21. Nc2 Rc6 22. Nf1 Rxd1
23. Rxd1 {Alavi Moghaddam,S (2368)-Mareco,S (2335)/Yerevan 2006/1/2-1/2}) 9. a4
b5 10. Bc2 Ba6 11. axb5 cxb5 12. Nbd2 Qc7 13. d4 a4 14. Bd3 Rfb8 15. Nh4 (15.
Rd1 $5 $14) 15... g6 $11 16. f4 (16. Re1 $5 $11) 16... exf4 $17 17. Ndf3 (17.
Nb1 $5 Nh5 18. Nf5 $17) 17... Nh5 $19 18. Bd2 Nb6 19. g4 (19. Bxb5 $4 Bxb5 20.
c4 Nxc4 $19) 19... fxg3 20. Ng5 Nc4 $4 (20... d5 $5 21. e5 Bxg5 22. Bxg5 Bc8
$17) 21. Nf5 $4 (21. Rxf7 $142 Rf8 22. Rxh7 Nxd2 23. Nxg6 Bxg5 24. Rxc7 $18)
21... Bxg5 $17 (21... gxf5 $2 22. Qxh5 Bxg5 23. Bxg5 $18) 22. Bxg5 f6 (22...
gxf5 $2 23. Qxh5 f6 24. Bxf6 $18) 23. Bh4 gxh2+ (23... gxf5 $6 24. Qxh5 Qf7 25.
Qe2 $14) 24. Qxh2 Rf8 25. Be2 gxf5 26. Bxh5 fxe4 (26... Qg7+ 27. Kh1 Bb7 $17 (
27... fxe4 $4 28. Rg1 Ra7 29. Qf4 $18)) 27. Qf4 $14 f5 $4 (27... Qe7 $142 $14)
28. Kh1 $18 Kh8 (28... Nxb2 29. Rg1+ Kh8 30. Qh6 Rg8 31. Bf6+ Rg7 32. Rxg7 Qxg7
33. Qxg7#) 29. Rg1 Rf7 (29... Ne3 30. Qxe3 f4 31. Qxe4 Bb7 $18) 30. Bxf7 Qxf7
31. Qh6 Rf8 32. Rg6 $3 (32. Rg6 Ne3 33. Bf6+ Qxf6 34. Rxf6 Rxf6 35. Qxf6+ Kg8
36. Rg1+ Ng4 37. Qxf5 h5 38. Qg6+ Kh8 39. Rf1 Nf2+ 40. Rxf2 b4 41. Rf8#) 1-0

[Event "World Cup"]
[Site "Khanty-Mansiysk"]
[Date "2009.11.24"]
[Round "2.1"]
[White "Ivanchuk, Vassily"]
[Black "So, Wesley"]
[Result "0-1"]
[WhiteElo "2739"]
[BlackElo "2640"]
[PlyCount "77"]
[EventDate "2009.11.21"]
[EventType "k.o."]
[EventRounds "7"]
[EventCountry "RUS"]
[Source "Mark Crowther"]
[SourceDate "2009.01.05"]

{C01: Französische Verteidigung (Abtauschvariante)} 1. e4 e6 2. d4 d5 3. Nc3
Bb4 4. exd5 exd5 5. Bd3 Nf6 6. Nge2 O-O 7. O-O Bg4 8. f3 Bh5 9. Nf4 Bg6 10.
Nxg6 hxg6 11. Bg5 (11. f4 Nc6 12. Ne2 Ne7 13. Ng3 Bd6 14. Qf3 c5 15. dxc5 Bxc5+
16. Kh1 Re8 17. f5 Nxf5 18. Nxf5 gxf5 19. Bxf5 Qc7 20. Qh3 Qe5 21. Bg5 {
Thinius,M (2330)-Alperowitz,S (1861)/Apolda 2007/ 1-0}) 11... c6 12. f4 (12.
Ne2 Nbd7 13. c3 Bd6 14. Bf4 Qc7 15. Qd2 Rfe8 16. Bxd6 Qxd6 17. Rae1 Re7 {
Rytshagov,M (2525)-Lyrberg,P (2430)/Stockholm 1997/ 1/2-1/2}) 12... Qb6 13. Na4
$146 (13. Bxf6 gxf6 14. Ne2 f5 15. c3 Be7 16. Bxf5 c5 17. Bc2 cxd4 18. cxd4 Nc6
19. f5 Bf6 20. fxg6 Nxd4 21. Kh1 Nxc2 22. Qxc2 Qxb2 23. Qf5 Qxa1 24. Rxa1 Bxa1
25. Nf4 Rae8 26. g3 fxg6 27. Qxg6+ Bg7 {Annageldyev,O (2458)-Nikitin,A (2452)/
Alushta 2004/1-0}) 13... Qxd4+ 14. Kh1 Ne4 15. c3 Nf2+ 16. Rxf2 Qxf2 17. cxb4
f6 18. Qg4 fxg5 19. Qe6+ Kh8 20. Nc5 Qxb2 (20... gxf4 21. Qh3+ Kg8 22. Bxg6
Qf1+ 23. Rxf1 Re8 24. Ne6 Rxe6 25. Qxe6+ Kf8 26. Rxf4#) 21. Qh3+ Kg8 22. Qe6+
Kh8 23. Rf1 Qf6 (23... gxf4 24. Bxg6 Qc3 25. g3 Qe1 26. Qh3+ Kg8 27. Qh7#) 24.
Qh3+ Kg8 25. g3 Re8 26. Nxb7 gxf4 27. Rxf4 $2 (27. Nc5 $5 Qg5 28. gxf4 $11)
27... Re1+ (27... Qe6 $142 $5 28. Qxe6+ Rxe6 29. Nc5 $19) 28. Kg2 $17 Qe6 29.
Qxe6+ Rxe6 30. Nc5 Re7 (30... Rd6 $5 31. b5 $19) 31. b5 $17 Nd7 32. Nxd7 Rxd7
33. bxc6 Rd6 34. Bb5 Re8 35. Rd4 (35. Kh3 Rb8 36. Ba4 g5 $19) 35... Kf7 $19 36.
Rf4+ (36. Rd2 Ke7 $19) 36... Ke6 37. Rg4 Ke5 38. Kf3 (38. Rb4 Rf6 $19) 38...
Rf6+ 39. Ke3 0-1

[Event "World Cup"]
[Site "Khanty-Mansiysk"]
[Date "2009.11.21"]
[Round "1.2"]
[White "Pelletier, Yannick"]
[Black "Bu, Xiangzhi"]
[Result "1-0"]
[WhiteElo "2589"]
[BlackElo "2682"]
[PlyCount "55"]
[EventDate "2009.11.21"]
[EventType "k.o."]
[EventRounds "7"]
[EventCountry "RUS"]
[Source "Mark Crowther"]
[SourceDate "2009.01.05"]

{D85: Grünfeld-Verteidigung (Hauptfortsetzung)} 1. d4 Nf6 2. c4 g6 3. Nc3 d5 4.
cxd5 Nxd5 5. e4 Nxc3 6. bxc3 Bg7 7. Nf3 c5 8. Rb1 O-O 9. Be2 Nc6 10. d5 Ne5 11.
Nxe5 Bxe5 12. Qd2 e6 13. f4 Bc7 14. O-O exd5 15. exd5 Ba5 16. d6 b6 17. Bf3 Rb8
(17... Bf5 18. Bxa8 Bxb1 19. Bc6 Bf5 20. Re1 Qf6 21. Bb2 Rd8 22. Re8+ Rxe8 23.
Bxe8 a6 24. a4 Qd4+ 25. Qxd4 cxd4 26. d7 b5 27. cxd4 b4 28. d5 Kf8 29. Bf6 b3
30. d6 Bd8 31. Bb2 Be4 32. Kf2 {Khalifman,A (2616)-Mikhalevski,V (2531)/St
Petersburg 1999/1-0}) 18. Bb2 (18. Ba3 Qf6 19. Bb4 Bf5 20. Rbc1 c4 21. Bxa5
bxa5 22. Be2 Bd3 23. Bxd3 Qxd6 24. Rcd1 Rfd8 25. f5 Qb6+ 26. Kh1 Rxd3 27. Qf4
Rxd1 28. Rxd1 Rd8 29. Rxd8+ Qxd8 30. h3 {Marzolo,C (2459)-Brkic,A (2567)/
Dresden 2007/ 1/2-1/2}) 18... Bf5 19. Rbe1 b5 20. g4 $146 (20. Be4 Rb6 21. Bxf5
Rxd6 22. Qe2 gxf5 23. Qxb5 Qb6 24. a4 c4+ 25. Qxb6 Rxb6 26. Ba3 Bxc3 27. Bxf8
Bxe1 28. Bc5 Re6 29. Bf2 Bd2 30. Rb1 Rc6 31. Bd4 f6 32. Rb2 c3 33. Rc2 Rc4 34.
Bxf6 Rxf4 {Pogorelov,R (2460)-Lalic,B (2523)/Dos Hermanas 2002/0-1}) 20... Be6
(20... Bc8 21. Re7 b4 22. c4 $18) 21. f5 Bc4 (21... Rb6 22. fxe6 Rxd6 23. exf7+
Rxf7 24. Qe2 $18) 22. Re7 Qb6 (22... Rb6 23. Rd1 Kh8 $18) (22... Bxf1 23. Qh6
c4 (23... Qxe7 24. dxe7 gxf5 25. Qg5+ Kh8 26. c4+ Bc3 27. Bxc3+ f6 28. Bxf6+
Rxf6 29. Qxf6+ Kg8 30. Bd5#) 24. f6 Qb6+ 25. Kxf1) 23. f6 Kh8 24. Be4 Rg8 25.
Rf3 Bd3 26. Qh6 c4+ 27. Kg2 Bxe4 28. Rxe4 (28. Rxe4 Qg1+ 29. Kxg1 Bb6+ 30. Kg2
Bf2 31. Qxh7+ Kxh7 32. Rh3+ Bh4 33. Rxh4#) 1-0

[Event "Tal Memorial "]
[Site "Moscow"]
[Date "2009.11.14"]
[Round "9"]
[White "Anand, Viswanathan"]
[Black "Aronian, Levon"]
[Result "0-1"]
[WhiteElo "2788"]
[BlackElo "2786"]
[PlyCount "50"]
[EventDate "2009.??.??"]
[Source "Mark Crowther"]
[SourceDate "2009.01.05"]

{D15: Damengambit (Slawische Verteidigung)} 1. d4 d5 2. c4 c6 3. Nf3 Nf6 4. Nc3
a6 5. e3 b5 6. c5 Nbd7 7. Bd3 e5 8. Nxe5 Nxe5 9. dxe5 Nd7 (9... Ng4 10. f4 Bxc5
11. Qf3 Qb6 12. Nd1 Nh6 13. O-O O-O 14. Nf2 f6 15. exf6 Rxf6 16. Bd2 Bf5 17. b4
Bf8 18. Bc3 Re6 19. Bd4 Qb7 20. Kh1 Qf7 21. Rad1 Bxd3 22. Nxd3 Nf5 23. Be5 Nd6
24. Nc5 {Kazhgaleyev,M (2626)-Gundavaa,B (2461)/Subic Bay PHI 2009/1-0}) 10. e6
Nxc5 11. exf7+ Kxf7 12. b3 $2 $146 (12. Bc2 g6 13. O-O Bg7 14. Ne2 Re8 15. Nd4
Qd6 16. b4 Ne6 17. Rb1 Nxd4 18. exd4 a5 19. bxa5 Rxa5 20. Bb3 Bf5 21. Ra1 Be4
22. Be3 Qd7 23. Rc1 Raa8 24. Re1 Bf5 25. Qd2 h5 26. h3 Re4 27. f3 Ree8 28. g4
hxg4 29. hxg4 Be6 30. Qc2 Qd6 31. Qh2 Qxh2+ 32. Kxh2 Bd7 33. Kg2 Re6 34. Bf2
Rae8 35. Rxe6 Rxe6 36. Kf1 b4 37. Bc2 Rf6 38. Kg2 Re6 39. Bd3 Re8 40. Rb1 Bf8
41. Kf1 Ra8 {Aronian,L (2757)-Movsesian,S (2732)/Nanjing 2008/1/2-1/2}) (12.
Bc2 $142 $11) (12. Qf3+ Qf6 13. Qxf6+ Kxf6 14. Bc2 Bf5 15. Bxf5 Kxf5 16. Ne2
Kg6 17. Nd4 Rc8 18. O-O Be7 $17) 12... Nxd3+ $17 13. Qxd3 Qg5 14. g3 Qf6 15.
Bb2 Qf3 16. Rg1 Bg4 17. a3 Re8 18. Rc1 $2 (18. Nb1 $142 $5 $17) 18... b4 $19
19. axb4 Bxb4 20. h3 Bxh3 21. g4 Bxg4 22. Rg3 Qf5 23. Qd4 (23. Qxf5+ Bxf5 24.
Kf1 Bd6 $19) 23... Re4 24. Qa7+ Qd7 25. Qb6 (25. Qxd7+ Bxd7 26. Kf1 $19) 25...
c5 (25... c5 26. Qxa6 d4 27. Qc4+ Qe6 28. Qxe6+ Bxe6 $19 (28... Rxe6 $6 29.
Rxg4 h5 30. Rf4+ Kg6 31. Kf1 dxc3 32. Bxc3 $11)) 0-1

[Event "Tal Memorial "]
[Site "Moskau"]
[Date "2009.11.07"]
[Round "3"]
[White "Morozevich, Alexander"]
[Black "Kramnik, Vladimir"]
[Result "0-1"]
[WhiteElo "2750"]
[BlackElo "2772"]
[PlyCount "90"]
[EventDate "2009.??.??"]
[Source "Mark Crowther"]
[SourceDate "2009.01.05"]

{E36: Nimzoindisch (4.Dc2)} 1. d4 Nf6 2. c4 e6 3. Nc3 Bb4 4. Qc2 O-O 5. a3
Bxc3+ 6. Qxc3 d5 7. Nf3 dxc4 8. Qxc4 b6 9. Bf4 (9. Bg5 Ba6 10. Qa4 c5 11. dxc5
bxc5 12. Rd1 Qb6 13. Bxf6 gxf6 14. Rd2 Nc6 15. Qg4+ Kh8 16. Qh4 Kg7 17. Qg3+
Kh8 18. Qh4 Kg7 19. Qg3+ Kh8 {Riazantsev,A (2646)-Vitiugov,N (2681)/Ulan Ude
2009/ 1/2-1/2}) 9... Ba6 10. Qc2 (10. Qxc7 Qd5 11. Qc2 Rc8 12. Qb1 Nbd7 13. e4
Qb7 14. e5 Bxf1 15. Rxf1 Nd5 16. Bd2 Qa6 17. Qe4 Rc6 18. Qe2 Qa4 19. Qd3 Rc2
20. b3 Qc6 21. Kd1 Rb2 22. Rc1 Qb7 23. Rc2 Rxc2 24. Kxc2 b5 {Likavsky,T (2498)
-Bosiocic,M (2578)/Ansfelden  2009/1-0}) 10... Nbd7 $146 (10... Qd5 11. Rc1 Rc8
12. g3 c5 13. Bg2 Bb7 14. O-O Na6 15. dxc5 Nxc5 16. Rfd1 Qh5 17. b4 Nce4 18.
Qxc8+ {Gabriel,C (2530)-Hermesmann,H (2295)/ GER-chT 1994/1-0}) 11. e4 Bxf1 12.
Kxf1 c5 13. Bd6 Re8 14. e5 Nd5 15. h4 cxd4 16. Ng5 f5 17. Qc4 (17. exf6 $5
N5xf6 18. Qb3 $15) 17... Qc8 $17 18. Qxd4 Nc5 19. Rd1 Nb3 20. Qd3 Nc1 21. Qb5
Qc2 22. Rxd5 a6 (22... exd5 $4 23. Qxd5+ Kh8 24. Nf7+ Kg8 25. Nh6+ Kh8 26. Qg8+
Rxg8 27. Nf7#) 23. Qxb6 Qc4+ 24. Kg1 exd5 25. g3 h6 26. Nf3 $2 (26. Qb7 $5 hxg5
27. e6 Ne2+ 28. Kh2 Rxe6 29. Qxa8+ Kh7 30. hxg5 $19) 26... f4 27. g4 Qe4 28.
Kg2 Nd3 29. Qb3 Qc4 (29... Nxe5 $4 30. Bxe5 Rad8 31. Bc7 $18) 30. Qb7 $4 (30.
Qc3 $142 Qxc3 31. bxc3 $17) 30... Nxf2 $1 $19 31. Kxf2 (31. -- $140 Nxh1) 31...
Qc2+ 32. Kg1 Qd1+ 33. Kf2 Qxh1 34. e6 (34. Qxd5+ Kh8 35. Qe4 $19) 34... Rac8
35. Qf7+ Kh8 36. Bc5 (36. Bb4 Rc2+ 37. Bd2 Rxd2+ 38. Nxd2 Qxh4+ 39. Kf1 Qh3+
40. Ke1 Qg3+ 41. Kd1 Qxg4+ 42. Kc2 Rxe6 $19) 36... Qc1 (36... Rxc5 $6 37. Qxe8+
Kh7 38. Ng5+ hxg5 39. Qh5+ Kg8 40. Qe8+ Kh7 41. Qh5+ Kg8 42. Qe8+ Kh7 $11) 37.
b4 Qc2+ (37... d4 $142 38. Nxd4 Qe3+ 39. Kf1 Qd3+ 40. Ke1 $19) 38. Kg1 Qe2 (
38... Rf8 $142 39. Qxf8+ Rxf8 40. Bxf8 Qe2 $19) 39. Nd4 (39. Qxf4 Rxe6 40. g5
Qd1+ 41. Kg2 Re2+ 42. Bf2 $19) 39... Qxg4+ 40. Kf2 Qxh4+ 41. Ke2 f3+ $1 42.
Kxf3 (42. Nxf3 Qe4+) (42. Kxf3 Qf6+) (42. Qxf3 Rxc5 43. bxc5 Qxd4) 42... Rf8 $1
43. Bxf8 (43. Bxf8 Rc3+ 44. Ke2 (44. Kg2 Qh3+) 44... Qe4+) (43. Qxf8+ Rxf8+ 44.
Bxf8 (44. Nf5 Qe4+) (44. Ke2 Rf2+) (44. Ke3 Qe4+) (44. Kg2 Rf2+) 44... Qf6+)
43... Rc3+ 44. Kg2 (44. Ke2 Qe4+ 45. Kf1 Rc1+ 46. Kf2 Qxd4+ 47. Kf3 Qe4+ 48.
Kf2 Rc2+ 49. Kg3 Rg2+ 50. Kh3 Qg4#) 44... Qg3+ 45. Kf1 Rc1+ (45... Rc1+ 46. Ke2
Re1+ 47. Kd2 Qe3+ 48. Kc2 Rc1+ 49. Kb2 Qc3+ 50. Ka2 Ra1#) 0-1

[Event "17. Mannschafts-EM"]
[Site "Novi Sad/Serbien"]
[Date "2009.10.30"]
[Round "9"]
[White "Akopian, Vladimir"]
[Black "Jenni, Florian"]
[Result "0-1"]
[WhiteElo "2698"]
[BlackElo "2500"]
[PlyCount "118"]
[EventDate "2009.??.??"]
[Source "Mark Crowther"]
[SourceDate "2009.01.05"]

{C88: Spanische Partie (Geschlossenes System)} 1. e4 e5 2. Nf3 Nc6 3. Bb5 a6 4.
Ba4 Nf6 5. O-O Be7 6. Re1 b5 7. Bb3 O-O 8. h3 Bb7 9. d3 Re8 10. Nc3 Bb4 11. Ng5
Rf8 12. a3 Bxc3 13. bxc3 h6 14. Nf3 d6 15. Nh4 (15. a4 Na5 16. Ba2 c5 17. Nh4
Kh8 18. Nf5 Bc8 19. Qf3 Be6 20. g4 Nh7 21. Bd5 Bxd5 22. exd5 Qd7 23. Bd2 Nb7
24. Ra3 bxa4 25. Rea1 a5 26. Rxa4 f6 27. h4 Ra6 28. h5 Rfa8 29. Qg2 Qc7 {Lutz,
C (2580)-Navara,D (2725)/ 2007/1-0}) 15... Na5 $146 (15... Bc8 16. Qf3 Na5 17.
Ba2 c5 18. Nf5 Bxf5 19. Qxf5 c4 20. Rd1 Qc8 21. Qf3 Qe6 22. a4 Rfc8 23. Ba3 Ne8
24. Qe2 Qd7 25. Bb4 Qc7 26. dxc4 Nxc4 27. Bxc4 bxc4 28. a5 Qe7 29. Rd2 Rc6 30.
Rad1 {Svidler,P (2743)-Anand,V (2803)/Sofia 2006/1/2-1/2}) 16. Ba2 c5 17. Re3
c4 18. Rg3 Nxe4 19. dxe4 Qxh4 20. Qxd6 Nc6 (20... Qxe4 $4 21. Bxh6 Qh7 22. Bxg7
Qxg7 23. Rxg7+ Kxg7 24. Qxe5+ f6 25. Qc7+ Kg6 26. Qxa5 $18) 21. Bxh6 Rfd8 22.
Rxg7+ Kh8 23. Rg4 Qxf2+ (23... Rxd6 $2 24. Rxh4 Kg8 25. Rb1 $18) 24. Kxf2 Rxd6
25. Be3 Ne7 26. Bc5 Rf6+ 27. Ke3 Ng6 28. Rd1 Rc6 29. Rd7 (29. Bb4 $142 $5 $16)
29... Bc8 $11 30. Rd8+ Kh7 31. Bb4 Ra7 (31... a5 32. Bf8 Bxg4 33. Rxa8 $11) 32.
Rg5 (32. Rg3 $5 $14) 32... f6 $11 33. Rg3 a5 34. a4 (34. Bd6 $142 $11) 34...
axb4 $17 35. axb5 b3 36. cxb3 (36. bxc6 $4 bxa2 37. Rd1 a1=Q 38. Rxa1 Rxa1 $19)
36... cxb3 37. Bxb3 (37. bxc6 $4 bxa2 38. Rd1 a1=Q 39. Rxa1 Rxa1 $19) 37...
Rxc3+ 38. Kf2 Rxg3 39. Bg8+ $2 (39. Kxg3 Ra3 40. Rd3 $19) 39... Kh6 $19 40.
Kxg3 Rg7 (40... Ra3+ $142 $5 41. Kf2 Bb7 $19) 41. Bd5 $15 Nf4+ 42. Kf3 Bb7 43.
g3 Nxd5 44. exd5 Rc7 45. b6 $4 (45. Kf2 $142 $15) 45... Rc5 $19 46. Ke4 $2 (46.
Kg4 Kg6 47. h4 Rxd5 48. h5+ Kg7 49. h6+ Kxh6 $19) 46... Rxd5 $1 47. Rb8 $2 (47.
Rxd5 Kg5) 47... Bc6 48. Kf5 (48. Ke3 Rb5 49. Kd3 $19) 48... Kg7 49. Ke6 Rd3 50.
h4 (50. Ke7 e4 51. Rc8 Bd5 $19) 50... e4 51. h5 (51. b7 Bd5+ 52. Kd6 Bxb7+ 53.
Kc5 $19) 51... e3 52. h6+ Kxh6 53. Kxf6 (53. Rf8 e2 54. Kxf6 Rf3+ 55. Ke6 e1=Q+
56. Kd6 Rd3+ 57. Kc7 Qe7+ 58. Kxc6 Qd7+ 59. Kc5 Qd5+ 60. Kb4 Rb3+ 61. Ka4 Qb5#)
53... Rd6+ 54. Ke5 (54. Ke7 Rd7+ 55. Kf6 Kh7 56. Rc8 e2 57. Rxc6 e1=Q 58. Rc7
Rxc7 59. bxc7 Qc3+ 60. Ke6 Qxc7) 54... Rd1 55. Rh8+ Kg7 56. Rh2 Rd2 57. Rh4 (
57. b7 e2 58. Rxe2 Rxe2+ 59. Kd4 Bxb7 60. Kc5 Rg2 61. Kb6 Rxg3 62. Kxb7 Rg6 63.
Kc7 Kf7 64. Kd7 Re6 65. Kc7 Ke7 66. Kb8 Kd6 67. Kb7 Kd7 68. Kb8 Kc6 69. Ka7 Kc7
70. Ka8 Ra6#) 57... e2 58. Rg4+ Kf7 59. Rf4+ Ke7 (59... Ke7 60. Re4 Bxe4 61.
Kxe4 e1=Q+ 62. Kf4 Rd4+ 63. Kf3 Qe4+ 64. Kf2 Rd2+ 65. Kf1 Qh1#) 0-1